| 000 | 00555nam a2200193Ia 4500 | ||
|---|---|---|---|
| 003 | IN-BaIIA | ||
| 008 | 211028s9999 xx 000 0 eng d | ||
| 040 | _cIIA Library | ||
| 080 |
_a535.33 _bLAI |
||
| 100 |
_aLaidlaw, W. G _96344 |
||
| 245 | 0 |
_aIntroduction to quantum concepts in spectro _cW. G. Laidlaw |
|
| 260 |
_aNew York _bMcGraw-Hill _c1970 |
||
| 300 | _axix, 240p. | ||
| 490 | _aMcGraw-Hill Series in Undergraduate Chemistry | ||
| 650 | _aNASA Thesaurus | ||
| 650 |
_aQuantum Spectroscopy _96345 |
||
| 650 |
_aSpectroscopy _91535 |
||
| 942 | _cBK | ||
| 999 |
_c3584 _d3584 |
||